| 000 | 00534nam a2200169 i 4500 | ||
|---|---|---|---|
| 001 | 49347 | ||
| 003 | ES-MaACL | ||
| 005 | 20230906161930.0 | ||
| 007 | t| | ||
| 008 | 030714s1985 sp ||||1| spa d | ||
| 100 | 1 |
_aCortezón, Daniel ( _d1927-2009) _940926 |
|
| 245 | 1 | 0 |
_aSoñando a Goethe en primavera _b: (tragicomedia erudita) / _cDaniel Cortezón. |
| 260 |
_aMadrid : _b[s.n.], _c1985 ( _eMadrid : _fFenix) |
||
| 300 |
_a105 p. ; _c21 cm. |
||
| 500 | _aDedicatoria autógrafa del autor. | ||
| 852 |
_aES-MaACL _jL-11532 _bR.111492 |
||
| 999 |
_c49347 _d49347 |
||